| 000 | 00552 a2200169 4500 | ||
|---|---|---|---|
| 999 |
_c41499 _d41499 |
||
| 003 | OSt | ||
| 005 | 20220823124322.0 | ||
| 008 | 220823b ||||| |||| 00| 0 eng d | ||
| 020 | _a9788176223164 | ||
| 040 | _cOCLC | ||
| 082 |
_a641.3710954 _bPAN/I |
||
| 100 | 1 |
_99073 _aPandey, Rajendra Kumar |
|
| 245 |
_aIndigenous milk products _bVol 1: Fat rich milk sweets / _cDr. Rajendra Kumar Pandey |
||
| 260 |
_aNew Delhi: _bBiotech books, _c2014. |
||
| 300 | _a186 pages | ||
| 942 |
_2ddc _cBK _h641.3710954 _iPAN/I _k641.3710954 _mPAN/I |
||